000 00590nam a2200169 i 4500
001 24636
003 ES-MaACL
007 t|
008 021218s1955 sp ||||1| spa d
245 0 0 _aAntología literaria de ABC
_b: el artículo 1905-1955 /
_cselección Jaime Ballesté ; estudio premilinar Gonzalo Fernández de la Mora.
260 _aMadrid :
_bPrensa Española,
_c1955.
300 _aXXV, 485 p. ;
_c22 cm.
700 1 _aBallesté, Jaime.
_924995
700 1 _aFernández de la Mora, Gonzalo.
_949670
852 _aES-MaACL
_jC-9792
_bR.37629
852 _aES-MaACL
_jE-5372
_bR.89610
999 _c24636
_d24636